02566nam a2200313 a 4500001001000000005001700010008004100027041000800068044000700076084002100083100004500104245009500149260003600244300003000280500037800310500017900688500085200867500007301719500000901792650005201801650005601853650003401909650004501943700006001988700005002048700005302098700005102151740005002202BRCA_243620190320203816.0141108s1797----sp-a---###---#000-0dspa-u aspa asp a076b.S264c17971 aCervantes Saavedra, Miguel ded1547-161610aEl Ingenioso Hidalgo Don Quixote de la Manchaccompuesto por Miguel de Cervantes Saavedra. aMadridbGabriel de Sanchac1797 a5 v.bil.c21 cm.e1 mapa aContenido : v 1. Primera parte. Notas al título de la obra. Discurso preliminar. Vida de Cervantes y algunos documentos sobre su vida por Pellicer. Dedicatoria del autor. Prólogo del autor. Versos preliminares. Texto. -- v 2. Texto. -- v 3. Texto. -- v 4. Segunda parte. Dedicatoria del autor. Prólogo del autor. Texto. -- v 5. Mapa de los viajes de D. Quijote. Texto aEdición : Nueva edición corregida de nuevo, con nuevas notas, nuevas estampas, con nuevo análisis y con la vida del autor nuevamente aumentada por Juan Antonio Pellicer aEdición de Pellicer, bien acabada desde el punto de vista tipográfico, copia de la edición académica con algunas variantes. Pellicer fue uno de los destacados primeros biógrafos de Cervantes y comentadores del Quijote. Sus notas y noticias sobre la vida y obra cervantinas, hoy ya anticuadas, eran muy notables en su tiempo; constituyen, aún hoy, una rica fuente de erudición cervantesca. El retrato de Cervantes está dibujado por R. Ximeno, las láminas están hechas por Ximeno, Camarón y Paret. Tanto por lo que toca al aspecto literario, como al tipográfico y erudito, merece esta edición ser colocada entre las buenas que se han impreso. Hermoso ejemplar, encuadernado en fina piel roja, planos orlados, lomeras decoradas con florones y filetes dorados, cortes, cantos y contracantos dorados también Lúdovik Osterc aEstado físico : La cubierta del volumen 1 se encuentra desprendida aQM6014aNovela españolayÉpoca clásica, 1500-170014aLiteratura españolayÉpoca clásica, 1500-170014aNovela españolaySiglo XVII14aDon Quijote (Personaje ficticio)eNovela1 aPellicer y Pilares, Juan Antoniod1738-1806eBiógrafo1 aJimeno, José Antoniod1757-1807eIlustrador1 aCamarón Boronat, Joséd1730-1803eIlustrador1 aParet y Alcázar, Luisd1746-1799eIlustrador0 aEl Ingenioso Hidalgo Don Quijote de la Mancha